The Year book of critical care medicine (Record no. 3559)

000 -LEADER
fixed length control field 00860nas a22002893a 4500
001 - CONTROL NUMBER
control field 011049905
003 - CONTROL NUMBER IDENTIFIER
control field UkOxU
005 - DATE AND TIME OF LATEST TRANSACTION
control field 20211124132811.0
008 - FIXED-LENGTH DATA ELEMENTS--GENERAL INFORMATION
fixed length control field 940906c19839999iluuu p 0 0eng d
022 ## - INTERNATIONAL STANDARD SERIAL NUMBER
International Standard Serial Number 0734-3299
040 ## - CATALOGING SOURCE
Transcribing agency ALUPE UNIVERSITY COLLEGE
050 ## - LIBRARY OF CONGRESS CALL NUMBER
Classification number RC86.7.P377
Item number .Y43 1994
092 ## - LOCALLY ASSIGNED DEWEY CALL NUMBER (OCLC)
Classification number D0501862362
092 ## - LOCALLY ASSIGNED DEWEY CALL NUMBER (OCLC)
Classification number 11049905
245 04 - TITLE STATEMENT
Title The Year book of critical care medicine
246 17 - VARYING FORM OF TITLE
Title proper/short title Critical care medicine
260 ## - PUBLICATION, DISTRIBUTION, ETC.
Place of publication, distribution, etc. Chicago ;
-- St. Louis :
Name of publisher, distributor, etc. Year Book Medical ;
Place of publication, distribution, etc. London :
Name of publisher, distributor, etc. Mosby Year Book,
Date of publication, distribution, etc. c1994.
300 ## - PHYSICAL DESCRIPTION
Extent v. ;
Dimensions 24 cm
362 0# - DATES OF PUBLICATION AND/OR SEQUENTIAL DESIGNATION
Dates of publication and/or sequential designation 1983-
500 ## - GENERAL NOTE
General note Description based on: 1994
500 ## - GENERAL NOTE
General note Running title: Critical care medicine
500 ## - GENERAL NOTE
General note Imprint varies
650 #0 - SUBJECT ADDED ENTRY--TOPICAL TERM
Topical term or geographic name entry element Critical care medicine
General subdivision Periodicals
942 ## - ADDED ENTRY ELEMENTS (KOHA)
Source of classification or shelving scheme
Koha item type Book
Holdings
Withdrawn status Lost status Source of classification or shelving scheme Damaged status Not for loan Permanent Location Current Location Shelving location Date acquired Source of acquisition Total Checkouts Full call number Barcode Date last seen Price effective from Koha item type Public note
          AU LIBRARY AU LIBRARY Open Shelf 24.11.2021 DONATION FROM MOI UNIVERSITY   RC86.7.P377 .Y43 1994 28004986 24.11.2021 24.11.2021 Book CM

Powered by Koha